000 00581nam a2200217Ia 4500
003 OSt
005 20220926044731.0
006 a|||||r|||| 00| 0
007 ta
008 220923b |||||||| |||| 00| 0 eng d
037 _cGeneral Book
040 _aRTL
_cRTL
_beng
041 _2eng
_aeng
082 _aV42:25wM30, K4
100 _aIwata Masakazu
_9349367
245 0 _aOkubo Toshimichi
_b The Bismarck of Japan
260 _c1964
650 _aJapan History
_942685
942 _hV42:25wM30, K4
_cGB
_2CC
999 _c675627
_d675627